Our creative diversity: report of the World Commission on Culture and Development /
Պահպանված է:
| Հիմնական հեղինակ: | |
|---|---|
| Համատեղ հեղինակ: | |
| Այլ հեղինակներ: | |
| Ձևաչափ: | Տեքստ |
| Հրապարակվել է: |
Paris:
UNESCO
|
| Հրատարակություն: | 2 |
| Ցուցիչներ: |
Ավելացրեք ցուցիչ
Չկան պիտակներ, Եղեք առաջինը, ով նշում է այս գրառումը!
|
MARC
| LEADER | 00000 a a2200000 04500 | ||
|---|---|---|---|
| 001 | 22395 | ||
| 003 | |||
| 040 | |a CRAI/IIS |c CRAI/IIS | ||
| 020 | |a 92-3-103282-8 | ||
| 090 | |a 152600 | ||
| 100 | |a Pérez de Cuéllar, Javier | ||
| 110 | |a UNESCO | ||
| 245 | |a Our creative diversity: report of the World Commission on Culture and Development / |c Javier Pérez de Cuéllar | ||
| 250 | |a 2 | ||
| 260 | |a Paris: |b UNESCO | ||
| 300 | |a 309 p |b fonodiscos | ||
| 700 | |a Arizpe, Lourdes |a Fall, Yoro K |a Furgler, Kurt |a Furtado, Celso |a Goulandris, Niki |a Griffin, Keith B |a Jelin, Elizabeth |a Kamba, Angeline |a Magga, Ole Henrik |a Mikhalkov, Nikita |a Nakane, Chie |a Takla, Leila | ||
| 999 | |c 16806 |d 16806 | ||



